[Event "NRW-ch U14"]
[Site "Kranenburg"]
[Date "2009.04.16"]
[Round "6"]
[White "Ertel, Jonathan"]
[Black "Dette, Jan"]
[Result "0-1"]
[WhiteElo "1208"]
[BlackElo "1477"]
[PlyCount "134"]
[EventDate "2009.04.13"]
[EventType "swiss"]
[EventRounds "7"]
[EventCountry "GER"]
[SourceTitle "EXT 2010"]
[Source "ChessBase"]
[SourceDate "2010.11.25"]
[SourceVersion "1"]
[SourceVersionDate "2010.11.25"]
[SourceQuality "1"]

1. e4 e5 2. Nf3 Nc6 3. d4 exd4 4. Nxd4 Bc5 5. Be3 Qf6 6. Nb5 Bxe3 7. fxe3 Qh4+ 8. g3 Qxe4 9. Nxc7+ Kd8 10. Nxa8 Qxh1 11. Qd6 Nge7 12. Nc3 Qf3 13. Nb5 Qxe3+ 14. Be2 Qe5 15. Qxe5 Nxe5 16. Nxa7 Nd5 17. 0-0-0 Ne3 18. Rd4 Nf5 19. Rd5 f6 20. Rc5 Nd6 21. Nb6 Nc6 22. b4 Nxa7 23. Bf3 Re8 24. a4 Nc6 25. b5 Nd4 26. Nxc8 Nxc8 27. Bxb7 Nd6 28. Bd5 Re5 29. b6 Ne6 30. Ra5 Ke7 31. c4 Nd8 32. Ra7 Nxc4 33. b7 Nxb7 34. Bxb7 Kd6 35. Bc8 Nb6 36. Bb7 Rc5+ 37. Kd1 Rc7 38. a5 Nc4 39. a6 Nb6 40. Kd2 Ke5 41. g4 Kd4 42. h3 g6 43. Ke2 d5 44. Kd2 f5 45. Ke2 f4 46. Kf3 Ke5 47. h4 d4 48. Ke2 h6 49. Kd3 f3 50. Bxf3 Rxa7 51. Be4 g5 52. hxg5 hxg5 53. Bb7 Nd7 54. Kc4 Nb8 55. Kb5 Nxa6 56. Kb6 Rxb7+ 57. Kxb7 d3 58. Kxa6 d2 59. Kb5 d1Q 60. Kb4 Qc2 61. Kb5 Qc3 62. Kb6 Qc4 63. Kb7 Qc5 64. Ka8 Qb5 65. Ka7 Kd6 66. Ka8 Kc7 67. Ka7 Qb7# 0-1

[Event "NRW-ch U14"]
[Site "Kranenburg"]
[Date "2009.04.16"]
[Round "5"]
[White "Simanowski, Mio"]
[Black "Ertel, Jonathan"]
[Result "1-0"]
[WhiteElo "1432"]
[BlackElo "1208"]
[PlyCount "97"]
[EventDate "2009.04.13"]
[EventType "swiss"]
[EventRounds "7"]
[EventCountry "GER"]
[SourceTitle "EXT 2010"]
[Source "ChessBase"]
[SourceDate "2010.11.25"]
[SourceVersion "1"]
[SourceVersionDate "2010.11.25"]
[SourceQuality "1"]

1. e4 e6 2. d4 d5 3. e5 c5 4. c3 Bd7 5. Nf3 Nc6 6. Be2 Nge7 7. Na3 cxd4 8. cxd4 Qb6 9. 0-0 Nf5 10. Nc2 Rc8 11. a3 Na5 12. b4 Nc4 13. Bxc4 Rxc4 14. Ne3 Nxe3 15. Bxe3 Be7 16. Nd2 Rc7 17. Qg4 g6 18. Bh6 f5 19. exf6 Bxf6 20. Nb3 e5 21. Qf3 e4 22. Qf4 Rg8 23. Bg5 Rf8 24. Bxf6 Rxf6 25. Qe5+ Kf7 26. f3 Rc8 27. fxe4 Re8 28. Qxf6+ Qxf6 29. Rxf6+ Kxf6 30. e5+ Kg7 31. Nc5 Bc6 32. Rf1 b6 33. Nb3 Rc8 34. Rc1 Kh6 35. Kf2 Kg5 36. Kg3 h5 37. Nd2 h4+ 38. Kf2 Kf4 39. Nf3 Kg4 40. e6 Bb7 41. Rxc8 Bxc8 42. e7 Bd7 43. Ne5+ Kh5 44. Nxd7 a5 45. e8Q b5 46. Ne5 Kg5 47. Qxg6+ Kf4 48. g3+ hxg3+ 49. hxg3# 1-0